Doña María de las Mercedes de Borbón y Austria, princesa de Asturias (Record no. 94349)

MARC details
000 -LEADER
campo de control de longitud fija 00742nam a2200181 i 4500
001 - NÚMERO DE CONTROL
campo de control 94349
003 - IDENTIFICADOR DE NÚMERO DE CONTROL
campo de control ES-MaACL
005 - FECHA Y HORA DE LA ÚLTIMA TRANSACCIÓN
campo de control 20250907063057.0
007 - CAMPO FIJO DE DESCRIPCIÓN FÍSICA--INFORMACIÓN GENERAL
campo de control de longitud fija t|
008 - DATOS DE LONGITUD FIJA--INFORMACIÓN GENERAL
campo de control de longitud fija 050428s1904 sp ||||1| spa d
100 1# - ENTRADA PRINCIPAL--NOMBRE DE PERSONA
Nombre de persona Navas, Juan Gualberto López Valdemoro de Quesada,
Títulos y otros términos asociados al nombre Conde de las,
Fechas asociadas al nombre 1855-1935
9 (RLIN) 85203
245 10 - MENCIÓN DEL TÍTULO
Título Doña María de las Mercedes de Borbón y Austria, princesa de Asturias
Resto del título : noticia de su vida y su muerte ejemplares /
Mención de responsabilidad, etc. [Juan Gualberto López Valdemoro De Quesada, Conde de las Navas].
260 ## - PUBLICACIÓN, DISTRIBUCIÓN, ETC.
Lugar de publicación, distribución, etc. Madrid :
Nombre del editor, distribuidor, etc. [s.n.],
Fecha de publicación, distribución, etc. 1904.
300 ## - DESCRIPCIÓN FÍSICA
Extensión 30 p. ;
Dimensiones 15 cm.
600 14 - PUNTO DE ACCESO ADICIONAL DE MATERIA--NOMBRE DE PERSONA
Nombre de persona Borbón, María de las Mercedes de,
Títulos y otros términos asociados al nombre Princesa de Asturias,
Fechas asociadas al nombre 1880-1904
9 (RLIN) 152304
852 ## - LOCALIZACIÓN
Ubicación ES-MaACL
Número de control de estantería T-1040-F-1
Holdings
Estatus retirado Estado de pérdida Estado de daño No para préstamo Colección Biblioteca de origen Biblioteca actual Ubicación en estantería Fecha de adquisición Fuente de adquisición Total de préstamos Signatura topográfica completa Código de barras Visto por última vez Precio de reemplazo Tipo de ítem Koha
        Colección de folletos Biblioteca del Ateneo de Madrid Biblioteca del Ateneo de Madrid Depósito folletos 17/01/2008     T-1040-F-1 1098541 23/02/2023 23/02/2023 Folleto